000 00308nam a22001337a 4500
008 170615b xxu||||| |||| 00| 0 eng d
020 _a9780964948846
041 _aeng
080 _a32
100 _a19
101 _aSHP
245 _aINSIDE U.S EMASY DIPLOMACY AT WORK
_cDORMAN.SH
942 _2udc
_cBK
999 _c17532
_d17532